Determinate (Lemonade mouth) - lyrics - Statistics

General Stats
  • This quiz has been taken 51 times
  • The average score is 288 of 403
Answer Stats
Answer % Correct
I
100%
I,
100%
a
98%
Determinate
98%
determinate
98%
You
98%
you
98%
it
95%
It
95%
Go
93%
the
93%
The
93%
to
90%
We
90%
we
90%
can
88%
me
88%
and
85%
And
85%
gotta
85%
Gotta
85%
in
85%
Wen
85%
I'm
83%
know
83%
be
80%
dance
80%
Dance
80%
do
80%
floor
80%
get
80%
Get
80%
into
80%
turn
80%
world
80%
my
78%
together
78%
your
78%
cant
76%
cry
76%
wanna
76%
about
71%
better
71%
make
71%
so
71%
try
71%
what
71%
crazy
68%
friends
68%
more
68%
out
68%
sorry
68%
that
68%
this
68%
being
66%
deny
66%
fight
66%
hard
66%
Push
66%
That's
66%
Trying
66%
worried
66%
demand
63%
take
63%
tears
63%
these
63%
feel
61%
head
61%
then
61%
up
61%
want
61%
with
61%
inside
59%
on
59%
On
59%
until
59%
fear
56%
Messing
56%
hide
54%
real
54%
way
54%
down
49%
It's
49%
lemonade
49%
myself
49%
right
49%
Tonight
49%
where
49%
deal
46%
isn't
46%
mouth
46%
Now
46%
now
46%
life
44%
live
44%
stage
44%
they
44%
wait
44%
medicine
41%
afraid
39%
aint
39%
day
39%
Hate
39%
Music
39%
shouldnt
39%
Stop
39%
around
37%
knock
37%
like
37%
than
37%
their
37%
us
37%
ahead
34%
band
34%
for
34%
heaven
34%
house
34%
lemons
34%
let
34%
playing
34%
Renegade
34%
coming
32%
just
32%
may
32%
sent
32%
veteran
32%
will
32%
cause
29%
Cause
29%
feet
29%
going
29%
ground
29%
name
29%
People
29%
put
29%
them
29%
thrill
29%
waste
29%
we're
29%
why
29%
Why
29%
adrenaline
27%
fall
27%
Reason
27%
chips
24%
Come
24%
feeling
24%
hurry
24%
need
24%
Use
24%
whole
24%
breather
22%
instead
22%
keep
22%
mil
22%
of
22%
or
22%
picking
22%
sound
22%
world's
22%
smiling
20%
they're
20%
No matching quizzes found
Score Distribution
Percent of People with Each Score
Percentile by Number Answered
Your Score History
You have not taken this quiz